| 000 | 00378cam a22000977a 4500 | ||
|---|---|---|---|
| 008 | 180718b1947 xxu||||| |||| 00| 0 eng d | ||
| 082 | _aD81x67 In2 | ||
| 245 | _aReport by the Government of India delegation to East Africa on the proposed immigration restrictions in Kenya, Uganda Tanganyika and Zanzibar, 1946 | ||
| 260 |
_aDelhi _bThe Manager of Publications _c1947 |
||
| 300 | _a51p. | ||
| 999 |
_c490325 _d490325 |
||